000 00320nam a2200133Ia 4500
008 220216s9999 xx 000 0 und d
100 _aBarncastle L A
245 0 _aLacquers and finishes for rubber
260 _bIRI Transactions
_c1946
300 _a30-40
650 _aLacquers
700 _aBowden E F
942 _cJS
999 _c61925
_d61925